Cristina Díaz López
Gespeichert in:
| Körperschaft: | |
|---|---|
| Format: | |
| Sprache: | Spanish |
| Veröffentlicht: |
México :
CEIICH-UNAM,
2016
|
| Schriftenreihe: | Trayectorias de académicas cubanas
|
| Schlagworte: | |
| Tags: |
Tag hinzufügen
Keine Tags, Fügen Sie den ersten Tag hinzu!
|
MARC
| LEADER | 00000ngm a2200000 4500 | ||
|---|---|---|---|
| 003 | cru INIE | ||
| 005 | 20160905111302.0 | ||
| 008 | 160905b2016 mx ||||| |||| 00| | spa d | ||
| 040 | |a cru INIE | ||
| 090 | |a CD #274 | ||
| 110 | 2 | |9 1985 |a Universidad Nacional Autónoma de México. Centro de Investigaciones Interdisciplinarias en Ciencias y Humanidades. Departamento de Producción Audiovisual y Multimedia | |
| 245 | 1 | 0 | |a Cristina Díaz López |
| 260 | |a México : |b CEIICH-UNAM, |c 2016 | ||
| 300 | |a 1 videodisco (cerca de 31 min.); |b sonoro | ||
| 490 | |a Trayectorias de académicas cubanas | ||
| 500 | |a Créditos Producción, realización , edición y postproducción / Víctos Manuel Méndez Villanueva | ||
| 500 | |a Coordinación académica / Norma Blazquez Graf y Lourdes Fernández Rius | ||
| 500 | |a La colección ofrece valiosos testimonios que pretenden estimular a las mujeres que decidan iniciarse en el camino de la academia y la investigación | ||
| 600 | 0 | |9 1987 |a DÍAZ LÓPEZ, CRISTINA | |
| 650 | 1 | 4 | |9 968 |a BIOGRAFÍAS |
| 650 | 1 | 4 | |9 55 |a MUJERES |
| 942 | |i 004236 |h CD #274 |2 z |c 08 | ||
| 999 | |c 3315 |d 3315 | ||
